000 00292nam a2200109Ia 4500
008 171211s9999 xx 000 0 und d
245 _aHistorical Dictionary of Crime Films
245 _cGeoff Mayer
260 _c2012
650 _xART
856 _uhttp://down.ebook777.com/061/0810867699.pdf
999 _c348576
_d348576